Представление документа в формате MARC21

Поле Инд. ПП Название Значение
Тип записи a
Библиографический уровень b
001 Контрольный номер RU/IS/BASE/264552962
005 Дата корректировки 20230526155942.5
008 Кодируемые данные 19951209
084 a Индекс другой классификации/Индекс ББК 81.411.2-31-4
097 00 a 750
100 10 a Автор Апресян Ю. Д.
245 00 a Заглавие Проблема фактивности: ЗНАТЬ и его синонимы
504 00 a Библиография Библиогр.: с. 62 - 63
650 04 a Основная рубрика лексикография
a Основная рубрика лексикология
a Основная рубрика общее языкознание
a Основная рубрика русский язык
a Основная рубрика структура языка
a Основная рубрика филологические науки
a Основная рубрика частное языкознание
a Основная рубрика языкознание
653 00 a Ключевые слова лексическая семантика
a Ключевые слова семантика
a Ключевые слова синонимия
a Ключевые слова синонимы
773 00 t Заглавие источника Вопросы языкознания
d Дата издания источника 1995
g Прочая информация № 4. - С. 43 - 63
w Контрольный № источника RU/IS/BASE/134584334
901 t Тип документа b